000 00746na a2200253 4500
001 15276
003 MIRAKIL
005 20181213154849.0
008 161020b tu 000 0
020 _a9758913190
035 _a15276
040 _aMilas
_btur
_cTR-AnCHP
041 _atur
082 _a327.56104792
_bG96y 2006
090 _a327.56104792 G96y 2006
100 _aGürel, Ahmet
245 _aYabancı kaynaklarda Türk-Ermeni ilişkileri
_b(1071-2006)
_cAhmet Gürel
260 _aİzmir
_bUmay Yayınları
_c2006
300 _a241 s.
_bfotğ.
_c21 sm.
650 _aErmeniler
_xOsmanlı İmparatorluğu
_yTürkiye
650 _aUluslararası ilişkiler
_zTürkiye
_zErmenistan
650 _aErmeniler
_xTarih
942 _2ddc
_cBKS
999 _c2207
_d2207